000 00294nam a22001337a 4500
008 170407b xxu||||| |||| 00| 0 eng d
020 _a3437109359
041 _aeng
080 _a616
100 _a9
101 _aSHM
245 _aPATHOLOGY OF THE BONE MARROW
_cLENNERT, K
942 _2udc
_cBK
999 _c10176
_d10176